| 000 -LEADER |
| fixed length control field |
00738cas a2200217 a 4500 |
| 001 - CONTROL NUMBER |
| control field |
15705 |
| 003 - CONTROL NUMBER IDENTIFIER |
| control field |
BD-DhUAP |
| 005 - DATE AND TIME OF LATEST TRANSACTION |
| control field |
20200203105826.0 |
| 008 - FIXED-LENGTH DATA ELEMENTS--GENERAL INFORMATION |
| fixed length control field |
200203c1997 bg fr p g 0 0eng |
| 022 ## - INTERNATIONAL STANDARD SERIAL NUMBER |
| International Standard Serial Number |
1609-3593 |
| 040 ## - CATALOGING SOURCE |
| Original cataloging agency |
BD-DhUAP |
| Language of cataloging |
Eng |
| Transcribing agency |
BD-DhUAP |
| Modifying agency |
BD-DhUAP |
| 082 00 - DEWEY DECIMAL CLASSIFICATION NUMBER |
| Classification number |
340.5492 BAN |
| Edition number |
23 |
| 245 00 - TITLE STATEMENT |
| Title |
Bangladesh journal of law : |
| Remainder of title |
a special issue, criminal justice system / |
| Statement of responsibility, etc. |
edited by Naimuddin Ahmed. |
| 260 ## - PUBLICATION, DISTRIBUTION, ETC. |
| Place of publication, distribution, etc. |
Dhaka : |
| Name of publisher, distributor, etc. |
Bangladesh Institute of Law and International Affairs, |
| Date of publication, distribution, etc. |
2007. |
| 300 ## - PHYSICAL DESCRIPTION |
| Extent |
302 pages : |
| Other physical details |
illustrations ; |
| Dimensions |
24 cm. |
| 590 ## - LOCAL NOTE (RLIN) |
| Local note |
SERBIB/SERLOC merged record |
| 650 #0 - SUBJECT ADDED ENTRY--TOPICAL TERM |
| Topical term or geographic name entry element |
Law |
| Geographic subdivision |
Bangladesh |
| Form subdivision |
Periodicals. |
| 9 (RLIN) |
31433 |
| 650 #0 - SUBJECT ADDED ENTRY--TOPICAL TERM |
| Topical term or geographic name entry element |
Law |
| Form subdivision |
Periodicals. |
| 9 (RLIN) |
31434 |
| 700 ## - ADDED ENTRY--PERSONAL NAME |
| Personal name |
Ahmed, Naimuddin |
| 942 ## - ADDED ENTRY ELEMENTS (KOHA) |
| Source of classification or shelving scheme |
|
| Koha item type |
Book |
| Serial record |
1 |